Datum a čas kvízu

38.5 Celkem bodů Celkový počet nahraných bodů na tomto kvízu bez doplňovacích otázek.
9. Pořadí na kvízu Konečné umístění týmu na tomto kvízu.

Zaznamenané odpovědi

# Otázka Odpověď Body Výsledky
1. Osm lidí včetně jednoho Čecha... v Burkině Faso 0
2. Nejen u nás, ale i v jedné sou... v Polsku 1
3. Minulou středu měla premiéru t... Naked Attraction 1
4. V letošním roce byla udělena N... C 1
5. V neděli se na pardubickém dos... Stumptown; Irsko 0
6. Rozdělení Římské říše v roce 3... 476 (Západořímská) a 1453 (Východořímská) 0.5
7. Ve 14. století Evropu sevřela... D 1
8. Podepsání Mnichovské dohody by... appeasement (politika appeasementu) 1
9. Jedním z největších přešlapů m... Lehman Brothers 1
10. Jak moc velkou chybou byl či n... A 0